| 000 | 00839cam a2200265 a 4500 | ||
|---|---|---|---|
| 001 | 000003993 | ||
| 003 | DO-SdBNP | ||
| 005 | 20220927101215.0 | ||
| 007 | ta | ||
| 008 | 700415s1972 sp 000 e spa d | ||
| 040 |
_aDO-SdBNP _bspa _cBNPHU |
||
| 082 | 4 |
_a814.54 _bH488e, 1972 _222 |
|
| 100 | 1 |
_aHemingway, Ernest, _d1899-1961. _99091 |
|
| 245 | 1 | 0 |
_aEnviado especial : _bartículos seleccionados correspondientes a cuatro década / _cErnest Hemingway ; traducción de agustín Puig. |
| 250 | _a2a ed. | ||
| 260 |
_aBarcelona : _bPlaneta, _c1972. |
||
| 300 |
_a506 p. ; _c20 cm. |
||
| 534 |
_aTítulo original: _tBy-line |
||
| 590 | _aInventariado, 2022 / DG | ||
| 650 | 4 |
_aEnsayos estadounidenses _99895 |
|
| 650 | 4 |
_aLiteratura estadounidenses _911212 |
|
| 700 | 1 |
_aPuig, agustín, _etr. _911966 |
|
| 910 | _aWM | ||
| 942 |
_2ddc _cLBS1 |
||
| 999 |
_c3812 _d3812 |
||